000 00466nam a2200181Ia 4500
008 100917s9999 xx 000 0 und d
082 _b35995
100 _aबोराडे रा. रं.
245 _aगोंधळ
260 _bश्रीविशाखा प्रकाशन
_c1978
300 _a128
365 _b10
520 _aकथा
630 _aगोंधळ
650 _aकथा
730 _aगोंधळ
942 _cBOOK
999 _c641389
_d641386